000 01065cab a2200193 4500
001 ABS42662
008 090401t1990 xxu||||| |||| 00| 0 eng d
035 _a(Sirsi) u38182
041 _aeng
100 _aMacGregor, B.D.
245 _aRisk and return : constructing a property portfolio
260 _c1990
350 _a0
490 _aJournal of Valuation
_v8(3) Spring 1990, 233-242(10)
520 _aConsiders a systematic, research-driven and strategy-led approach to property portfolio management pioneered by Prudential Portfolio Managers . It is based on the `house` approach to the management of all investment portfolios and has been adapted as necessary to deal with the particularities of property as an investment. Outlines the principles of the PPM approach, discusses the role of property in a multi-asset portfolio and sets out the framework for the construction of a property portfolio. References. Journal abstract
690 _aPROPERTY-COMMERCIAL PROPERTY-COMMERCIAL PROPERTY FINANCE AND INVESTMENT
942 _n0
948 _c04/03/1997
999 _c24533
_d24533